|
|
|
|
| LEADER |
00000nas a2200000 a 4500 |
| 001 |
vtls011839865 |
| 003 |
SK-MaSNL |
| 005 |
20260228164448.0 |
| 008 |
190208c2012 xo ar 0 0slo |
| 040 |
|
|
|a SNK
|b slo
|c SNK
|e AACR2
|
| 041 |
0 |
|
|a slo
|
| 044 |
|
|
|a xo
|c SK
|
| 072 |
|
7 |
|a 620.9
|x Energetika
|2 konspekt
|
| 080 |
|
|
|a 620.9
|2 2011
|
| 080 |
|
|
|a 050
|2 2011
|
| 080 |
|
|
|a (058)
|2 2011
|
| 245 |
0 |
0 |
|a Energetika
|b ročenka 2015
|
| 246 |
1 |
|
|a Názov v tiráži:
|a Ročenka Energetika
|
| 260 |
|
|
|a Bratislava
|b MAFRA Slovakia
|c 2015-
|
| 300 |
|
|
|a zv.
|c 30 cm
|
| 310 |
|
|
|a 1x ročne
|
| 362 |
0 |
|
|a 2015-
|
| 500 |
|
|
|a Samostatne nepredajná komerčná príloha HN
|
| 650 |
0 |
7 |
|a energetika
|2 SNKPH
|9 3680
|
| 655 |
|
7 |
|a ročenky
|2 SNKPH
|9 57146
|
| 772 |
0 |
|
|t Hospodárske noviny
|x 1335-4701
|
| 910 |
|
|
|a snk
|
| 999 |
|
|
|c 13701
|d 15631
|
| 952 |
|
|
|0 0
|1 0
|4 0
|7 0
|8 0
|a SNK
|b SNK
|d 2019-02-08
|i snk2019/3565
|l 0
|o snkČSB 6957/2015
|p 17A1342868
|r 2026-02-21 22:28:03
|w 2026-02-21
|y PREZ
|
| 952 |
|
|
|0 0
|1 0
|4 0
|7 0
|8 0
|a SNK
|b SNK
|d 2019-02-08
|i snk2019/3657
|l 0
|o snkČSB 6957/2015 D1
|p 17A1342869
|r 2026-02-21 22:28:03
|w 2026-02-21
|y PREZ
|